[Event "II Miedzynarodowy Memorial Ireny Warakomskiej - Open C"]
[Site "Suwalki"]
[Date "2018.08.06"]
[Round "7.1"]
[White "Podlewski, Michal"]
[Black "Mecelica, Erikas "]
[Result "0-1"]
[WhiteTitle ""]
[BlackTitle ""]
[WhiteElo "1371"]
[BlackElo "1560"]

1. d4 d5 2. c4 Nf6 3. Nf3 g6 4. e3 e6 5. Nc3 Bg7 6. Bd3 O-O 7. O-O c6 8. Qe2 Re8
9. b3 c5 10. Bb2 cxd4 11. exd4 Nc6 12. Rfd1 a6 13. Rac1 Nh5 14. Bb1 Bh6 15. Rc2
Nb4 16. g3 Nxc2 17. Bxc2 f5 18. Ne5 Nf6 19. cxd5 Nxd5 20. Qf3 Bg7 21. Re1 Bxe5
22. dxe5 Nxc3 23. Bxc3 Qc7 24. Rd1 Bd7 25. Ba5 Bc6 26. Qc3 b6 27. Bb4 Qb7 28.
Rd2 a5 29. Bd6 Rac8 30. f4 Be4 31. Bxe4 Qxe4 32. Bc7 Rxc7 0-1

[Event "II Miedzynarodowy Memorial Ireny Warakomskiej - Open C"]
[Site "Suwalki"]
[Date "2018.08.06"]
[Round "7.2"]
[White "Pieczulis, Blazej"]
[Black "Seredyn, Dominik "]
[Result "1/2-1/2"]
[WhiteTitle ""]
[BlackTitle ""]
[WhiteElo "1442"]
[BlackElo "1543"]

1. d4 d5 2. Nf3 Nf6 3. e3 e6 4. Bd3 Be7 5. Nbd2 O-O 6. Qe2 c5 7. c3 b6 8. dxc5
bxc5 9. e4 Bb7 10. O-O Nc6 11. Re1 Nd7 12. Bc2 Bd6 13. Qd3 Nde5 14. Nxe5 Nxe5
15. Qh3 h6 16. Nf3 Nxf3+ 17. Qxf3 Qc7 18. Qh5 Bf4 19. exd5 Bxd5 20. Be4 Rad8 21.
Bxf4 Qxf4 22. g3 Qf6 23. Bxd5 Rxd5 24. Qe2 Rfd8 25. Rad1 Qg5 26. Rxd5 Qxd5 27.
a3 Qb3 28. Rb1 c4 29. Rc1 Rd3 30. Rc2 Qa2 31. Rc1 Qb3 1/2-1/2

[Event "II Miedzynarodowy Memorial Ireny Warakomskiej - Open C"]
[Site "Suwalki"]
[Date "2018.08.06"]
[Round "7.3"]
[White "Zalega, Maciej "]
[Black "Ingielewicz, Konrad"]
[Result "1-0"]
[WhiteTitle ""]
[BlackTitle ""]
[WhiteElo "1375"]
[BlackElo "1539"]

1. e4 c6 2. d4 d5 3. e5 Bf5 4. h4 h5 5. Bd3 Bxd3 6. Qxd3 e6 7. Bg5 Be7 8. Nf3 Nd7
9. Nc3 Nh6 10. Bxh6 Rxh6 11. g3 g5 12. Nxg5 Bxg5 13. hxg5 Qxg5 14. Qd2 Qg6 15.
O-O-O O-O-O 16. Ne2 Rdh8 17. Rh4 f6 18. exf6 Nxf6 19. Nf4 Qf5 20. Qe2 Qe4 21.
Qd2 Qf5 22. Rdh1 R6h7 23. f3 e5 24. dxe5 Nd7 25. Qd3 Qg5 26. e6 Ne5 27. Qe3 Ng6
28. R4h3 h4 29. Ng2 Qxe3+ 30. Nxe3 Re7 31. Nf5 Rxe6 32. Nxh4 Ne5 33. f4 Ng4 34.
Nf5 Rxh3 35. Rxh3 Nf2 36. Rh4 Rf6 37. Nh6 Kd7 38. Ng4 Nxg4 39. Rxg4 Rf7 40. Kd2
Ke6 41. Ke3 c5 42. c3 b5 43. Rg5 a5 44. Rg6+ Kd7 45. Ra6 Re7+ 46. Kf3 Re1 47.
Rxa5 Kc6 48. Ra6+ Kc7 49. f5 Rb1 50. f6 Kd7 51. g4 Rxb2 52. g5 b4 53. f7 Ke7 54.
g6 Rb1 55. Ra7+ 1-0

[Event "II Miedzynarodowy Memorial Ireny Warakomskiej - Open C"]
[Site "Suwalki"]
[Date "2018.08.06"]
[Round "7.5"]
[White "Wydornik, Robert "]
[Black "Rog, Mateusz "]
[Result "0-1"]
[WhiteTitle ""]
[BlackTitle ""]
[WhiteElo "1373"]
[BlackElo "1510"]

1. e4 c5 2. d4 cxd4 3. c3 dxc3 4. Nxc3 Nc6 5. Bc4 e6 6. Nf3 a6 7. O-O b5 8. Bb3
Qc7 9. Qe2 Bc5 10. Rd1 Nge7 11. Bg5 Ng6 12. Rac1 Nce5 13. Be3 d6 14. a3 O-O 15.
Ba2 Qb6 16. Bxc5 dxc5 17. Nxe5 Nxe5 18. Qh5 f6 19. Qh3 c4 20. Bb1 Bb7 21. Kf1
Rad8 22. a4 b4 23. a5 Qc6 24. Ne2 Rd6 25. f4 Ng6 26. Rd4 Rxd4 27. Nxd4 Nxf4 28.
Qg4 Qd6 29. Rxc4 Rc8 30. Rxc8+ Bxc8 31. Nb3 Bd7 32. g3 e5 33. Qf3 Bb5+ 34. Ke1
Be2 0-1

[Event "II Miedzynarodowy Memorial Ireny Warakomskiej - Open C"]
[Site "Suwalki"]
[Date "2018.08.06"]
[Round "7.6"]
[White "Volkov, Aleksandr"]
[Black "Oglaza, Dawid"]
[Result "1-0"]
[WhiteTitle ""]
[BlackTitle ""]
[WhiteElo "1506"]
[BlackElo "1133"]

1. e4 e5 2. Nc3 Nc6 3. Bc4 Bc5 4. a3 Nf6 5. d3 h6 6. Be3 d6 7. Qd2 a6 8. Nf3 O-O
9. h4 Ng4 10. O-O-O b5 11. Bd5 Bd7 12. d4 exd4 13. Bxd4 Rb8 14. Bxc5 dxc5 15.
Qe2 b4 16. axb4 cxb4 17. Na2 Ne7 18. Bb3 Qc8 19. Nd2 Nf6 20. f3 a5 21. Bc4 a4
22. Ba6 Qe8 23. b3 Ng6 24. g3 axb3 25. Nxb3 Ba4 26. Bc4 Ne5 27. Kb1 Qc6 28. Rd4
Rfd8 29. Rhd1 Rxd4 30. Rxd4 Qb6 31. Qd1 Nxf3 32. Bxf7+ Kh8 33. Rxb4 Qa7 34. Rxb8+
Qxb8 35. Qxf3 Qb7 36. Bg6 Kg8 37. Kc1 c5 38. Qd3 Qb8 39. Qc4+ Kh8 40. Qxa4 Ng8
41. Qe8 Qxe8 42. Bxe8 Nf6 43. Nxc5 Nxe8 44. Kb2 Kh7 45. Nd3 Kg6 46. Nf4+ Kf6 47.
Kc3 g5 48. Nd5+ Kg6 49. Ne7+ Kh5 50. Nf5 gxh4 51. gxh4 Nf6 52. Kd4 Ng4 53. Nb4
Kg6 54. c4 Kf6 55. Kd5 Nf2 56. Nxh6 1-0

[Event "II Miedzynarodowy Memorial Ireny Warakomskiej - Open C"]
[Site "Suwalki"]
[Date "2018.08.06"]
[Round "7.7"]
[White "Zajac, Szymon"]
[Black "Czarnomski, Dominik"]
[Result "1/2-1/2"]
[WhiteTitle ""]
[BlackTitle ""]
[WhiteElo "1346"]
[BlackElo "1493"]

1. c4 e5 2. Nc3 d6 3. e3 g6 4. d4 Bg7 5. Nf3 Nc6 6. d5 Nce7 7. e4 f5 8. Bg5 h6
9. Bxe7 Qxe7 10. Qb3 Nf6 11. Bd3 f4 12. h3 O-O 13. O-O-O c6 14. c5 Kh7 15. cxd6
Qxd6 16. dxc6 bxc6 17. Bc4 Qc7 18. Rd2 Rb8 19. Qa3 Rd8 20. Rxd8 Qxd8 21. Qc5 Rb6
22. Rd1 Nd7 23. Qd6 Qf8 24. Be6 Qxd6 25. Rxd6 c5 26. Rxb6 Nxb6 27. Bxc8 Nxc8 28.
Na4 c4 29. Nd2 Nd6 30. Nc3 Bf6 31. Nd5 Bd8 32. f3 Kg7 33. b3 cxb3 34. axb3 Kf7
35. Nc4 Ke6 36. Nxd6 Kxd6 37. b4 1/2-1/2

[Event "II Miedzynarodowy Memorial Ireny Warakomskiej - Open C"]
[Site "Suwalki"]
[Date "2018.08.06"]
[Round "7.8"]
[White "Kaliszuk, Kamil"]
[Black "Ostrowski, Dymitr"]
[Result "1/2-1/2"]
[WhiteTitle ""]
[BlackTitle ""]
[WhiteElo "1479"]
[BlackElo "1379"]

1. c4 d6 2. g3 g6 3. Bg2 Nf6 4. Nc3 Bg7 5. e3 e5 6. Nge2 c6 7. d3 O-O 8. O-O Qc7
9. Rb1 Be6 10. e4 Nfd7 11. Be3 a6 12. Rc1 c5 13. f4 f5 14. Nd5 Qd8 15. Nec3 Bxd5
16. cxd5 fxe4 17. dxe4 b5 18. b3 Nb6 19. Ne2 N8d7 20. Qd2 b4 21. fxe5 Bxe5 22.
Nf4 Bxf4 23. gxf4 Qe7 24. Rce1 Rac8 25. Bf2 a5 26. Bh3 Rce8 27. Be6+ Kh8 28. Bg3
Nf6 29. Qf2 Nh5 30. Qb2+ Qg7 31. Qf2 Nxg3 32. hxg3 Na8 33. f5 Qe5 34. Qh2 Rf6
35. g4 Qxh2+ 36. Kxh2 Nc7 37. Rc1 gxf5 38. g5 1/2-1/2

[Event "II Miedzynarodowy Memorial Ireny Warakomskiej - Open C"]
[Site "Suwalki"]
[Date "2018.08.06"]
[Round "7.9"]
[White "Hancharevich, Heorhi "]
[Black "Kieca, Aleksandra"]
[Result "1-0"]
[WhiteTitle ""]
[BlackTitle ""]
[WhiteElo "1369"]
[BlackElo "1477"]

1. e4 c5 2. Nc3 a6 3. a4 Nc6 4. d3 e6 5. g3 Nf6 6. Bg2 Be7 7. Nf3 d6 8. O-O O-O
9. Bd2 Qc7 10. Ne2 Rd8 11. h4 h6 12. Nh2 d5 13. Qc1 Kh7 14. c3 Na5 15. Qc2 dxe4
16. dxe4 e5 17. c4 Be6 18. b3 Rxd2 19. Qxd2 Nxb3 20. Qc2 Nxa1 21. Rxa1 Rd8 22.
f4 Kg8 23. f5 Bc8 24. Nc3 Qc6 25. Nd5 Nxd5 26. cxd5 Qc7 27. Bf1 Qa5 28. Rb1 Rd6
29. Nf3 f6 30. g4 Rb6 31. Rxb6 Qxb6 32. g5 fxg5 33. Nxe5 Qd6 34. Ng6 Qg3+ 35.
Bg2 Qe3+ 36. Kf1 Bf6 37. e5 Bd8 38. d6 Bd7 39. Qc4+ Kh7 40. Nf8+ 1-0

[Event "II Miedzynarodowy Memorial Ireny Warakomskiej - Open C"]
[Site "Suwalki"]
[Date "2018.08.06"]
[Round "7.10"]
[White "Kutylo, Konrad "]
[Black "Olszewski, Antoni"]
[Result "1-0"]
[WhiteTitle ""]
[BlackTitle ""]
[WhiteElo "1470"]
[BlackElo "1253"]

1. d4 d5 2. c4 e6 3. Nc3 Bb4 4. Qc2 Nf6 5. e3 O-O 6. Bd3 dxc4 7. Bxc4 Nc6 8. Nf3
Bd7 9. O-O a6 10. Bd3 Qe7 11. a3 Bd6 12. b4 Rac8 13. Bb2 Rfd8 14. Na4 e5 15. Nc5
Rb8 16. Rac1 exd4 17. Nxd7 Rxd7 18. Nxd4 Nxd4 19. Bxd4 Be5 20. Bc5 Bd6 21. Bf5
Rdd8 22. Bxd6 Rxd6 23. Rfd1 g6 24. Bd3 Qe5 25. Be2 Kg7 26. Bf3 1-0

[Event "II Miedzynarodowy Memorial Ireny Warakomskiej - Open C"]
[Site "Suwalki"]
[Date "2018.08.06"]
[Round "7.11"]
[White "Tomicki, Marek "]
[Black "Murawski, Milosz "]
[Result "1-0"]
[WhiteTitle ""]
[BlackTitle ""]
[WhiteElo "1467"]
[BlackElo "1288"]

1. d4 d5 2. c4 e6 3. e3 Nf6 4. Nf3 Nbd7 5. Nc3 c6 6. cxd5 exd5 7. Bd3 Bd6 8. O-O
O-O 9. e4 dxe4 10. Nxe4 Nxe4 11. Bxe4 Nb6 12. Bg5 Qc7 13. h3 h6 14. Bd2 Nd5 15.
Rc1 Nf6 16. Bd3 Be6 17. b3 Qd7 18. Ne5 Bxe5 19. dxe5 Qxd3 20. exf6 Qg6 21. fxg7
Rfd8 22. Rc3 Qf6 23. Qc1 Kxg7 24. Rg3+ Kh7 25. Bc3 Rd4 26. Bxd4 Qxd4 27. Rd1 Qf6
28. Rd6 Qe5 29. Qd2 Re8 30. Rd8 Bd5 31. Rxe8 Qxe8 32. Qd4 Qf8 33. Qxa7 Qe7 34.
Qd4 Qf8 35. Qe5 b5 36. f4 b4 37. f5 Qc5+ 38. Kh2 Qf8 39. f6 1-0

[Event "II Miedzynarodowy Memorial Ireny Warakomskiej - Open C"]
[Site "Suwalki"]
[Date "2018.08.06"]
[Round "7.12"]
[White "Kaminski, Lukasz "]
[Black "Gres, Rafal"]
[Result "1-0"]
[WhiteTitle ""]
[BlackTitle ""]
[WhiteElo "1455"]
[BlackElo "1149"]

1. e4 e5 2. Nf3 Nc6 3. Nc3 Bc5 4. Bc4 d6 5. h3 Nf6 6. d3 Ne7 7. O-O Ng6 8. Be3
Bxe3 9. fxe3 c6 10. Qc1 a5 11. a4 O-O 12. Ne2 b6 13. Ng3 Ra7 14. Qe1 Re7 15. Nf5
Ree8 16. Qg3 Be6 17. Nd2 Nh5 18. Qf3 Nf6 19. Rf2 Qd7 20. Qg3 h6 21. Nxh6+ Kh7
22. Nf5 Rh8 23. Bxe6 Rxe6 24. Nf3 Kg8 25. N3h4 Nh5 26. Qg5 Nxh4 27. Nxh4 Nf6 28.
Raf1 Rh6 29. Rf5 c5 30. b3 Kf8 31. Qg3 Nh5 32. Qf2 Nf6 33. Rg5 Qe7 34. Nf5 Nxe4
35. dxe4 Qxg5 36. Nxh6 Rf6 37. Qe2 Rxh6 38. Rf3 Qg6 39. Qc4 Rh4 40. Qb5 d5 41.
exd5 Rb4 42. Qd7 f6 43. d6 Qxc2 44. Qe7+ Kg8 45. d7 Rxb3 46. d8=Q+ Kh7 47. Qf7
1-0

[Event "II Miedzynarodowy Memorial Ireny Warakomskiej - Open C"]
[Site "Suwalki"]
[Date "2018.08.06"]
[Round "7.13"]
[White "Nowak, Adam"]
[Black "Czarniecki, Pawel"]
[Result "0-1"]
[WhiteTitle ""]
[BlackTitle ""]
[WhiteElo "1352"]
[BlackElo "1450"]

1. c4 Nf6 2. Nf3 e6 3. Nc3 d5 4. cxd5 exd5 5. d4 Bf5 6. Bg5 c6 7. Qd2 Nbd7 8. e3
Bd6 9. Nh4 Be6 10. e4 dxe4 11. d5 cxd5 12. Bb5 Be7 13. Qf4 h6 14. Bxf6 Bxf6 15.
Nf5 O-O 16. h4 Qa5 17. Bxd7 Bxd7 18. O-O d4 19. Nxh6+ gxh6 20. Qxf6 dxc3 21. Rad1
Be6 22. bxc3 Qh5 23. Rb1 b6 24. Rb4 Qg6 25. Qe5 Bf5 26. f3 Rfe8 27. Qf4 e3 28.
Re1 e2 29. Rb5 Bd3 30. h5 Qg7 31. g4 Bxb5 0-1

[Event "II Miedzynarodowy Memorial Ireny Warakomskiej - Open C"]
[Site "Suwalki"]
[Date "2018.08.06"]
[Round "7.14"]
[White "Wysocka, Edyta "]
[Black "Tynski, Aleksander "]
[Result "1-0"]
[WhiteTitle ""]
[BlackTitle ""]
[WhiteElo "1214"]
[BlackElo "1448"]

1. e4 c5 2. Nf3 d6 3. d4 Bg4 4. Bb5+ Nd7 5. dxc5 Bxf3 6. Qxf3 dxc5 7. O-O Qc7 8.
Bf4 e5 9. Bxd7+ Kxd7 10. Rd1+ Ke8 11. Be3 Nf6 12. Nc3 a6 13. Nd5 Nxd5 14. Rxd5
f6 15. Rad1 Be7 16. Qg4 Kf7 17. Bxc5 Rhd8 18. Bxe7 Rxd5 19. exd5 Qxe7 20. d6 Qe6
21. Qe4 Rb8 22. d7 Qb6 23. Qc4+ Ke7 24. Qc8 Qd8 25. Qc5+ Kf7 26. Qd6 Ra8 27. Qd5+
Ke7 28. Qxb7 a5 29. Qd5 a4 30. c4 Ra5 31. Qd6+ Kf7 32. c5 Ra7 33. c6 Kg6 34. Rc1
Qc7 35. Rd1 1-0

[Event "II Miedzynarodowy Memorial Ireny Warakomskiej - Open C"]
[Site "Suwalki"]
[Date "2018.08.06"]
[Round "7.15"]
[White "Gladyszewska, Kinga"]
[Black "Paluch, Andrzej"]
[Result "0-1"]
[WhiteTitle ""]
[BlackTitle ""]
[WhiteElo "1080"]
[BlackElo "1404"]

1. e4 c5 2. Nf3 d6 3. d4 cxd4 4. Nxd4 Nf6 5. Nc3 g6 6. Be3 Bg7 7. Bd3 Nc6 8. h3
O-O 9. O-O d5 10. exd5 Nxd5 11. Nxc6 bxc6 12. Nxd5 cxd5 13. c3 a5 14. Bc2 Rb8
15. Rb1 Bb7 16. Re1 Qc7 17. Qd2 Rfe8 18. Bd4 e5 19. Be3 Qc6 20. f3 Rbc8 21. Rbc1
Ba6 22. Bb3 Bc4 23. Bxc4 Qxc4 24. b3 Qb5 25. Red1 Red8 26. Qd3 Qxd3 27. Rxd3 d4
28. cxd4 exd4 29. Bd2 Rxc1+ 30. Bxc1 Rc8 31. Bb2 f5 32. Rd2 Bh6 33. Rd1 Be3+ 34.
Kh2 Rd8 35. Ba3 d3 36. Kg3 f4+ 37. Kh2 d2 38. g3 Re8 39. Kg2 Kf7 40. gxf4 Bxf4
41. Kf2 Rc8 42. Kf1 Rc2 43. Ra1 Ke6 44. Ke2 Kd5 45. Kd1 Rc3 46. Ke2 Rc1 47. Rxc1
dxc1=Q 48. Bxc1 Bxc1 49. Kd3 Bf4 50. Kc3 Be5+ 51. Kd3 Bf4 52. Kc3 Be5+ 53. Kd3
Bf6 54. Ke3 Kc5 55. Ke4 Kb4 56. Kd5 Ka3 57. Ke6 Bc3 58. Kf7 Kxa2 59. Kg8 Kxb3
60. Kxh7 g5 61. Kg6 Bd2 62. Kf5 a4 63. Kg4 a3 64. h4 gxh4 65. Kxh4 a2 66. Kg4
a1=Q 67. f4 Qd4 68. Kf5 Qxf4+ 69. Ke6 Kc4 70. Kd7 Qf6 71. Kc7 Qe6 72. Kb7 Kb5
73. Ka7 Qd7+ 74. Kb8 Ka6 75. Ka8 Qb7# 0-1

[Event "II Miedzynarodowy Memorial Ireny Warakomskiej - Open C"]
[Site "Suwalki"]
[Date "2018.08.06"]
[Round "7.16"]
[White "Budzisz, Adrian"]
[Black "Burak, Vyacheslav"]
[Result "1/2-1/2"]
[WhiteTitle ""]
[BlackTitle ""]
[WhiteElo "1400"]
[BlackElo "1236"]

1. e4 c5 2. Nf3 d6 3. d3 Nf6 4. g3 Nbd7 5. Bg2 e6 6. O-O Be7 7. Re1 Qc7 8. Nbd2
O-O 9. h4 a6 10. Nh2 Re8 11. f4 e5 12. f5 h6 13. Ndf3 Qd8 14. Bd2 b5 15. Qc1 Bb7
16. g4 Nh7 17. g5 hxg5 18. hxg5 Ndf8 19. Bh3 Bc8 20. Ng4 Bb7 21. Kh2 d5 22. exd5
Bxd5 23. Ngxe5 Bd6 24. Bf4 Bxf3 25. Nxf3 Rxe1 26. Nxe1 Bxf4+ 27. Qxf4 Qxg5 28.
Qe4 Ra7 29. Nf3 Qf6 30. d4 Re7 31. Qd3 Rd7 32. c3 Ng5 33. Nxg5 Qxg5 34. d5 Qf4+
35. Kh1 Rd6 36. Rf1 Qe5 37. Rd1 Nd7 38. b3 Nb6 39. c4 bxc4 40. bxc4 Qf4 41. Re1
Qxc4 42. Qxc4 Nxc4 43. Rc1 Ne3 44. Rxc5 Rxd5 45. Rxd5 Nxd5 46. Bf1 a5 47. Kh2
Kf8 48. Kg3 Ke7 49. Kf3 Kf6 50. Bd3 Nb4 51. Bb1 Nd5 52. Bc2 Nc3 53. a4 Kg5 54.
Ke3 1/2-1/2

[Event "II Miedzynarodowy Memorial Ireny Warakomskiej - Open C"]
[Site "Suwalki"]
[Date "2018.08.06"]
[Round "7.17"]
[White "Zajac, Robert"]
[Black "Olszewski, Jan "]
[Result "1/2-1/2"]
[WhiteTitle ""]
[BlackTitle ""]
[WhiteElo "1248"]
[BlackElo "1394"]

1. d4 Nf6 2. Bf4 d5 3. Nc3 a6 4. Nf3 e6 5. a3 c5 6. e3 b5 7. dxc5 Bxc5 8. b4 Bd6
9. Bxd6 Qxd6 10. Be2 O-O 11. O-O Qc7 12. Na2 Bb7 13. Nc1 Rc8 14. Bd3 e5 15. Be2
Nbd7 16. Nh4 Qxc2 17. Qxc2 Rxc2 18. Nf5 g6 19. Bd3 Rc3 20. Ng3 Nb6 21. Bb1 Rac8
22. Nd3 Nfd7 23. Ne2 R3c7 24. Nec1 Kg7 25. Nb3 Na4 26. Nbc5 Naxc5 27. bxc5 e4
28. Nf4 Rxc5 29. Ne2 Nb6 30. Ba2 Nc4 31. Bxc4 Rxc4 32. Rfd1 Kf6 33. Nd4 Ke5 34.
Rab1 f5 35. g3 g5 36. Nb3 h6 37. Na5 R4c7 38. a4 Bc6 39. Nxc6+ Rxc6 40. axb5 axb5
41. Rxb5 Rc1 42. Rbxd5+ Ke6 43. Kg2 Rxd1 44. Rxd1 g4 45. Ra1 Rd8 46. Ra7 Kf6 47.
Ra6+ 1/2-1/2

[Event "II Miedzynarodowy Memorial Ireny Warakomskiej - Open C"]
[Site "Suwalki"]
[Date "2018.08.06"]
[Round "7.18"]
[White "Kopaczewski, Zbigniew"]
[Black "Matczynski, Mariusz"]
[Result "0-1"]
[WhiteTitle ""]
[BlackTitle ""]
[WhiteElo "1391"]
[BlackElo "1208"]

1. e3 e5 2. a3 d5 3. d4 exd4 4. exd4 Nc6 5. Nf3 Bg4 6. Be2 Nf6 7. c3 Be7 8. O-O
O-O 9. h3 Bf5 10. Nbd2 Bd6 11. Nb3 Qc8 12. Bg5 Ne4 13. c4 dxc4 14. Bxc4 Bxh3 15.
Be3 Qg4 16. Ne1 Qh4 17. f4 Bg4 18. Nf3 Bxf3 19. Rxf3 Ng3 20. Qc2 Rfe8 21. Qd3
Qh1+ 22. Kf2 Ne4+ 23. Qxe4 Qh4+ 24. Ke2 Rxe4 25. Bd5 Re7 26. Rh3 Qxf4 27. Rf1
Qg4+ 28. Kd2 Rae8 29. Rfh1 h6 30. Bf3 Qd7 31. Bxh6 gxh6 32. Rxh6 Bf4+ 0-1

[Event "II Miedzynarodowy Memorial Ireny Warakomskiej - Open C"]
[Site "Suwalki"]
[Date "2018.08.06"]
[Round "7.19"]
[White "Ulanowski, Marek "]
[Black "Galaszewski, Karol "]
[Result "1/2-1/2"]
[WhiteTitle ""]
[BlackTitle ""]
[WhiteElo "1356"]
[BlackElo "1152"]

1. e4 e6 2. Nc3 d5 3. e5 c5 4. d4 Nc6 5. Nf3 Qb6 6. dxc5 Bxc5 7. Qd2 a6 8. a3 Nge7
9. b4 Bd4 10. Nxd4 Nxd4 11. Bd3 Bd7 12. O-O Qc7 13. f4 O-O 14. Bb2 Rac8 15. Nxd5
Nxd5 16. Bxd4 Bb5 17. Rac1 Bxd3 18. cxd3 Qd7 19. Rxc8 Rxc8 20. Rc1 Rxc1+ 21. Qxc1
h6 22. Bb2 Qb5 23. Qc4 Qxc4 24. dxc4 Nxf4 25. c5 Nd3 26. Bc3 Kf8 27. Kf1 Ke7 28.
g3 Kd7 29. Ke2 Nc1+ 30. Kd2 1/2-1/2

[Event "II Miedzynarodowy Memorial Ireny Warakomskiej - Open C"]
[Site "Suwalki"]
[Date "2018.08.06"]
[Round "7.20"]
[White "Bednarski, Pawel "]
[Black "Trochimczuk, Szymon"]
[Result "1/2-1/2"]
[WhiteTitle ""]
[BlackTitle ""]
[WhiteElo "1167"]
[BlackElo "1330"]

1. e4 c5 2. Nc3 Nc6 3. Bc4 g6 4. Nf3 Bg7 5. d3 d6 6. Bd2 Nf6 7. O-O O-O 8. Rb1
a6 9. a3 b5 10. Ba2 Bd7 11. Nd5 Nxd5 12. Bxd5 e6 13. Ba2 Nd4 14. c3 Nxf3+ 15.
Qxf3 e5 16. Qe3 Be6 17. b3 d5 18. c4 b4 19. d4 f5 20. f3 fxe4 21. fxe4 dxe4 1/2-1/2

[Event "II Miedzynarodowy Memorial Ireny Warakomskiej - Open C"]
[Site "Suwalki"]
[Date "2018.08.06"]
[Round "7.21"]
[White "Palacz, Karolina "]
[Black "Ulanowska, Dorota"]
[Result "1-0"]
[WhiteTitle ""]
[BlackTitle ""]
[WhiteElo "1055"]
[BlackElo "1299"]

1. e4 e5 2. Nf3 Nc6 3. Bc4 Nf6 4. d3 h6 5. a3 a6 6. b4 Be7 7. c3 d6 8. h3 O-O 9.
O-O Bd7 10. Re1 Qc8 11. Nh2 Be6 12. Bxe6 Qxe6 13. Nd2 Nh7 14. Ndf1 Qg6 15. Ng3
Bh4 16. Qf3 Ne7 17. d4 f5 18. dxe5 fxe4 19. Qxe4 Qf7 20. Be3 Bxg3 21. fxg3 dxe5
22. Qxe5 Nc6 23. Qf4 Nf6 24. Ng4 Qd7 25. Nxf6+ Rxf6 26. Qc4+ Kh8 27. Rad1 Rd6
28. Ra1 Re8 29. b5 axb5 30. Qxb5 b6 31. c4 Rd3 32. Bf2 Ra8 33. a4 Ra5 34. Qb2
Qf7 35. Qe2 Rd8 36. Qf3 Qg6 37. Qf4 Rd6 38. Qf8+ Kh7 39. Re8 Qxe8 40. Qxe8 Re5
41. Qc8 Re7 42. c5 Rd8 43. Qf5+ Kg8 44. cxb6 cxb6 45. Bxb6 Rf8 46. Qd5+ Kh8 47.
Qxc6 Rf6 48. Qc8+ Kh7 49. Kh2 Rxb6 50. a5 Rbb7 51. a6 Rbc7 52. Qf5+ Kg8 53. Rb1
Rf7 54. Rb8+ Rf8 55. Rxf8# 1-0

[Event "II Miedzynarodowy Memorial Ireny Warakomskiej - Open C"]
[Site "Suwalki"]
[Date "2018.08.06"]
[Round "7.22"]
[White "Fronczyk, Wiktor "]
[Black "Szczotka, Matylda"]
[Result "1/2-1/2"]
[WhiteTitle ""]
[BlackTitle ""]
[WhiteElo "1279"]
[BlackElo "1164"]

1. e4 e5 2. Nf3 Nc6 3. Bb5 a6 4. Ba4 Nf6 5. O-O b5 6. Bb3 Be7 7. Re1 d6 8. c3 Nb8
9. h3 Nbd7 10. d4 O-O 11. Bc2 Bb7 12. Nbd2 h6 13. Nf1 Re8 14. Ng3 Bf8 15. Nf5
Kh7 16. a4 g6 17. Ng3 Bg7 18. axb5 axb5 19. Rxa8 Qxa8 20. Qd3 Qa6 21. b4 Nb6 22.
Bb3 Re7 23. Bb2 Bc6 24. Ra1 Qb7 25. d5 Bd7 26. Nd2 Ne8 27. c4 bxc4 28. Bxc4 Nxc4
29. Qxc4 Bb5 30. Qc3 Nf6 31. Nc4 Re8 32. Na5 Qb6 33. Rc1 Rc8 34. Nc4 Qa6 35. Ra1
Qb7 36. Rc1 Ne8 37. Na5 Qb6 38. Nc4 Qa7 39. Na5 Qb6 40. Nc4 1/2-1/2

[Event "II Miedzynarodowy Memorial Ireny Warakomskiej - Open C"]
[Site "Suwalki"]
[Date "2018.08.06"]
[Round "7.23"]
[White "Tarawski, Adrian "]
[Black "Bekier, Piotr"]
[Result "1-0"]
[WhiteTitle ""]
[BlackTitle ""]
[WhiteElo "1278"]
[BlackElo "1132"]

1. e4 e6 2. d4 d5 3. Nd2 c5 4. exd5 exd5 5. Ngf3 Nc6 6. c3 cxd4 7. cxd4 Nf6 8.
Be2 Bd6 9. O-O O-O 10. Nb3 b6 11. Bg5 Bf5 12. Rc1 Rc8 13. Re1 h6 14. Bh4 Re8 15.
Kh1 Be7 16. Nbd2 Nb4 17. Qa4 Nd3 18. Bxd3 Bxd3 19. Bxf6 gxf6 20. Qxa7 Bb4 21.
Qa4 Rxe1+ 22. Rxe1 Be7 23. Nb1 b5 24. Qd1 Bh7 25. Qb3 b4 26. Qe3 Bf8 27. Kg1 Ra8
28. Qb3 Bd6 29. g3 Rc8 30. Qxd5 Rc2 31. Qb3 Qc8 32. Nbd2 f5 33. Re8+ Qxe8 34.
Qxc2 Qe2 35. Qc6 Bf8 36. Qd5 h5 37. Ne5 Qxd2 38. Qxf7+ Kh8 39. Qxf8+ Bg8 40. Qf6+
Kh7 41. Qxf5+ Kg7 42. Qg6+ Kf8 43. Qf6+ Ke8 44. Qc6+ Kf8 45. Qf3+ Kg7 46. Nd3
Bc4 47. Qb7+ Kh8 48. Qc8+ Bg8 49. Qf5 Bh7 50. Qf6+ Kg8 51. Qe6+ Kh8 52. Qe5+ Kg8
53. Nf4 Qc1+ 54. Kg2 Qxb2 55. Nxh5 Kf8 56. Qg7+ Ke8 57. Qh8+ Kd7 58. Qxh7+ Kc6
59. Qg6+ Kb5 60. Qd3+ 1-0

[Event "II Miedzynarodowy Memorial Ireny Warakomskiej - Open C"]
[Site "Suwalki"]
[Date "2018.08.06"]
[Round "7.29"]
[White "Czarniecka, Anna "]
[Black "Kruszynski, Jacek"]
[Result "0-1"]
[WhiteTitle ""]
[BlackTitle ""]
[WhiteElo "1090"]
[BlackElo "1145"]

1. d4 Nf6 2. c4 b6 3. Nc3 e6 4. Nf3 Bb7 5. Bg5 d5 6. e3 Be7 7. Bd3 Nbd7 8. O-O
h6 9. Bh4 O-O 10. Qc2 a6 11. Rad1 Bb4 12. Ne2 Bd6 13. Bg3 Rc8 14. a3 Qe7 15. b4
dxc4 16. Bxc4 Be4 17. Bd3 Bxd3 18. Qxd3 Nh5 19. Bxd6 cxd6 20. Qxa6 Ra8 21. Qd3
Ra7 22. Ra1 Rfa8 23. Ra2 e5 24. Nd2 Nhf6 25. Ng3 g6 26. Rfa1 Nd5 27. Nge4 Nxb4
28. Qb3 Nxa2 29. Rxa2 exd4 30. exd4 Qe6 31. Qb2 d5 32. Ng3 Nf6 33. Nf3 Ne4 34.
h3 Nxg3 35. fxg3 Qd6 36. Kh2 Rxa3 37. Rxa3 Rxa3 38. Qc1 Kg7 39. Qf1 Qf6 40. Qc1
Rd3 41. Qb2 Re3 42. Qd2 Qe6 43. Ne5 Re4 44. Qf2 f6 45. Nf3 Qf5 46. Qc2 Qd7 47.
Qb2 b5 48. Qb4 Qc6 49. Qa5 g5 50. Qa7+ Kg6 51. Qa2 Qc4 52. Qa6 b4 53. Qa8 Qc7
54. Qg8+ Qg7 55. Qxd5 Qe7 56. Qb3 Kg7 57. d5 Re3 58. Qd1 Qd6 59. Qd4 Rc3 60. Qa7+
Rc7 61. Qa2 Rc5 62. Qa7+ Kg6 63. Qa8 Qxd5 64. Qa4 b3 65. Qe8+ Qf7 66. Qe4+ Kg7
67. Qb4 Qc4 68. Qb7+ Rc7 69. Qb6 Qc3 70. Qd6 b2 71. Qd1 Qc1 72. Qxc1 bxc1=Q 0-1

[Event "II Miedzynarodowy Memorial Ireny Warakomskiej - Open C"]
[Site "Suwalki"]
[Date "2018.08.06"]
[Round "7.30"]
[White "Wiech, Andrzej "]
[Black "Zalega, Joanna "]
[Result "0-1"]
[WhiteTitle ""]
[BlackTitle ""]
[WhiteElo "1064"]
[BlackElo "1105"]

1. e4 c5 2. c3 Nf6 3. d3 Nc6 4. Nf3 d6 5. Be3 e6 6. a3 b6 7. Nbd2 Bb7 8. b4 a6
9. Rb1 Ng4 10. Bg5 f6 11. Bh4 Be7 12. bxc5 dxc5 13. Rxb6 Qxb6 14. d4 Bc8 15. Bd3
cxd4 16. cxd4 Nh6 17. O-O Nxd4 18. Qa4+ Nb5 19. Rb1 Bd7 20. Nd4 Qxd4 21. Qc2 Nxa3
22. Nf3 Qa7 23. Qe2 Nxb1 24. Bxb1 O-O 25. e5 a5 26. exf6 Bxf6 27. Bxf6 Rxf6 28.
h3 a4 29. Qe4 g6 30. Ne5 Qxf2+ 31. Kh2 Qf4+ 0-1